Oratoria: introducción al arte de la palabra pública

Shranjeno v:
Bibliografske podrobnosti
Glavni avtor: Folliet, Joseph (Author)
Format: Knjiga
Jezik:španščina
Izdano: Buenos Aires Humanismo 1959
Serija:Colección Saber para Actuar
Teme:
Oznake: Označite
Brez oznak, prvi označite!

MARC

LEADER 00000nam a2200000 a 4500
001 UCZ4462
003 CL-VaPUC
008 951109e19590000AG |||||||||||||||||spa|d
082 0 4 |a 808.51  |b FOL  |2 21 
100 0 |a Folliet, Joseph  |e author  |9 348501 
245 1 0 |a Oratoria: introducción al arte de la palabra pública 
300 |a 110 p 
942 |c BK 
945 |d 19951109 00:00:00  |a rleighto 
260 |a Buenos Aires  |b Humanismo  |c 1959 
650 0 |a Arte de hablar en público  |9 335514 
650 0 |a Discursos   |9 265028 
650 0 |a Comunicación verbal  |9 348502 
650 0 |a Fonación   |9 335779 
583 |a last modification  |c 19951109 00:00:00  |k Rodrigo Vera 
490 0 |a Colección Saber para Actuar 
999 |c 240841  |d 240839 
952 |0 0  |1 0  |4 0  |6 808_510000000000000_FOL_1959  |7 0  |8 A  |9 252887  |a BIBEDU  |b BIBEDU  |d 2019-11-19  |i 3147215  |o 808.51 FOL 1959  |p 3147215  |r 2019-11-19  |w 2019-11-19  |y BK  |k EDU